Israel and The Prophecies of Al-Quran

Bibliographic Details
Main Author: Ali Akhbar
Format: Book
Published: Johor : Al-Masyhur , 1992
Subjects:

MARC

LEADER 00000cam a2200000 7i4500
001 0000007794
002 000008364
005 20000330.0
020 |a T000000647 
090 0 0 |a 297.1228   |b ALI 
100 0 |a Ali Akhbar 
245 1 0 |a Israel and The Prophecies of Al-Quran   |c Ali Akhbar 
260 |a Johor :   |b Al-Masyhur ,   |c 1992 
300 |a 158 p. ;   |c 21 cm. 
650 0 0 |a Islam   |x Relations   |x Christianity 
650 0 0 |a Quran   |x Interpretation and critism 
999 |a 039150   |b BUKU   |c PINJAMAN   |e PERPUSTAKAAN KOMUNITI PETALING JAYA